01319nam a22002777a 4500003000900000005001700009008003200026020001800058040002200076082002900098100003800127245007000165260004500235300002100280500007000301505023900371590002600610648000600636650003800642650002700680910001100707942001200718952014400730952015000874999001701024DO-SdBNP20220707074111.0171020b 2016 dr 00| 0 spa d a9789945492804 aBPMSUbspacBPMSU aRD861.08bV443s 20162221 aVeloz Maggiolo, Marciod1936-202113aLa sonora armonía :bpoesía reunida /cMarcio Veloz Maggiolo  aSanto Domingo :bEditora Nacional,c2016 a549 p. ;c23 cm. aIncluye datos biográficos del autor en la solapa de la cubierta0 8La sonora armonía -- Poesía reunida -- El sol y las cosas -- Intus -- La palabra reunida -- Poemas en ciernes -- Retorno a la palabra -- Las armonías privadas -- Soy el vacío -- Historias del corazón -- Poemas adánicos. 6Inventariado, 2021/VM a  4aPoesía dominicanavColecciones  4aLiteratura dominicana  aVMateo 2ddccBK 00102ddc40708CDaBPMETbBPMETd2017-10-20eEditora Nacionall0oBPMSU CD RD861.08 V443s 2016pBPMSU17100094r2017-10-20w2017-10-20yBK 00102ddc40708CDaBPMETbBPMETd2017-10-20eEditora Nacionall0oBPMSU CD RD861.08 V443s 2016pBPMSU17100095r2017-10-20te. 2w2017-10-20yBK c12653d12653